书目信息 |
| 题名: |
《房屋建筑和市政基础设施施工招标文件范本》应用指南
|
|
| 作者: | ;中国土木工程学会建筑市场与招标投标分会 编 | |
| 分册: | ||
| 出版信息: | 北京 中国建筑工业出版社 2003.03 |
|
| 页数: | 270页 | |
| 开本: | 29cm | |
| 丛书名: | ||
| 单 册: | ||
| 中图分类: | TU723-62 | |
| 科图分类: | ||
| 主题词: | 建筑工程--施工组织 , 建筑工程--施工计划 | |
| 电子资源: | ||
| ISBN: | 7-112-05670-5 | |
| 000 | 00906nam0 2200205 45 | |
| 001 | 0438020454 | |
| 005 | 2004042610334045 | |
| 010 | @a7-112-05670-5@dCNY 78.00 | |
| 100 | @a20040426d2003 km y0chiy0120 ea | |
| 101 | 0 | @achi |
| 102 | @aCN@b110000 | |
| 200 | 1 | @a《房屋建筑和市政基础设施施工招标文件范本》应用指南@A《Fang Wu Jian Zhu He Shi Zheng Ji Chu She Shi Shi Gong Zhao Biao Wen Jian Fan Ben》Ying Yong Zhi Nan@f中国土木工程学会建筑市场与招标投标分会编@FZhong Guo Tu Mu Gong Cheng Xue Hui Jian Zhu Shi Chang Yu Zhao Biao Tou Biao Fen Hui Bian |
| 210 | @a北京@c中国建筑工业出版社@d2003.03 | |
| 215 | @a270页@d29cm | |
| 606 | 0 | @a建筑工程@x施工组织 |
| 606 | 0 | @a建筑工程@x施工计划 |
| 690 | @aTU723-62@v3 | |
| 711 | 0 | @a中国土木工程学会建筑市场与招标投标分会@AZhong Guo Tu Mu Gong Cheng Xue Hui Jian Zhu Shi Chang Yu Zhao Biao Tou Biao Fen Hui@4编 |
| 801 | 0 | @aCN@bPFT@c20040426 |
| 905 | @dTU723-62@eZ656 | |
| 《房屋建筑和市政基础设施施工招标文件范本》应用指南/中国土木工程学会建筑市场与招标投标分会编.-北京:中国建筑工业出版社,2003.03 |
| 270页;29cm |
| ISBN 7-112-05670-5:CNY 78.00 |
| ● |
| 相关链接 |
|
|
|
正题名:《房屋建筑和市政基础设施施工招标文件范本
索取号:TU723-62/Z656
 
预约/预借
| 序号 | 登录号 | 条形码 | 馆藏地/架位号 | 状态 | 备注 |
| 1 | 392621 | 203926216 | 管理学院资料室/ [索取号:TU723-62/Z656] | 在馆 | |
| 2 | 392622 | 203926225 | 建筑库201/201建筑库 32排2列2层/ [索取号:TU723-62/Z656] | 在馆 |